Top 100 jeux vidéos Backloggd - Statistiques

Statistiques générales
  • Ce quiz a été pris 25 fois
  • Le résultat moyen est 19 sur 100
Statistiques - réponses
Hint Réponse % Correct
4.24 Red Dead Redemption
74%
4.61 Red Dead Redemption 2
68%
4.45 The Legend of Zelda : Breath of the Wild
68%
4.37 The Last of Us
63%
4.36 The Witcher 3
58%
4.53 Elden Ring
53%
4.43 The Legend of Zelda : Ocarina of Time
53%
4.46 The Legend of Zelda : Majora's Mask
47%
4.34 Dark Souls
42%
4.25 Grand Theft Auto: San Andreas
42%
4.34 Minecraft
42%
4.26 The Last of us Part 2
42%
4.33 The Legend of Zelda : Tears of the Kingdom
42%
4.33 Dark Souls 3
37%
4.26 God of War
37%
4.58 Outer Wilds
37%
4.48 Portal 2
37%
4.49 Sekiro : Shadows Die Twice
37%
4.32 Final Fantasy 7
32%
4.44 Hollow Knight
32%
4.30 Persona 5
32%
4.41 Super Mario Galaxy
32%
4.27 Super Mario Odyssey
32%
4.51 Astro Bot
26%
4.63 Baldur's Gate 3
26%
4.53 Bloodborne
26%
4.28 Celeste
26%
4.60 Clair Obscur : Expedition 33
26%
4.24 Final Fantasy 10
26%
4.26 God of War Ragnarök
26%
4.53 Hollow Knight : Silksong
26%
4.31 Metal Gear Solid
26%
4.49 Metal Gear Solid 2 : Sons of Liberty
26%
4.61 Metal Gear Solid 3 : Snake Eater
26%
4.61 Silent Hill 2
26%
4.39 Super Mario Galaxy 2
26%
4.26 Uncharted 4: A Thief's End
26%
4.32 Undertale
26%
4.54 Deltarune
21%
4.36 Final Fantasy 9
21%
4.37 Half Life 2
21%
4.28 Metroid Prime
21%
4.27 Nier : Automata
21%
4.28 Resident Evil 2
21%
4.43 Resident Evil 4
21%
4.45 Shadow of the Colossus
21%
4.33 Super Metroid
21%
4.31 The Legend of Zelda : The Wind Waker
21%
4.45 Death Stranding 2 : On the Beach
16%
4.57 Disco Elysium
16%
4.36 Donkey Kong Bananza
16%
4.34 Fallout : New Vegas
16%
4.26 Hades
16%
4.41 Kingdom Hearts 2
16%
4.30 Metaphor: ReFantazio
16%
4.29 Silent Hill 3
16%
4.44 Castlevania : Symphony of the Night
11%
4.31 Devil May Cry 3: Dante's Awakening
11%
4.39 Final Fantasy 3
11%
4.38 Hades 2
11%
4.35 Pokemon Noir & Blanc 2
11%
4.26 Balatro
5%
4.28 Donkey Kong Country 2: Diddy's Kong Quest
5%
4.30 Earthbound
5%
4.25 Factorio
5%
4.26 Halo 3
5%
4.42 Mass Effect 2
5%
4.56 Mother 3
5%
4.43 Paper Mario: The Thousand-Year Door
5%
4.25 Pikmin 4
5%
4.41 Return of the Obra Dinn
5%
4.27 Super Mario World
5%
4.44 The Legend of Heroes: Trails in the Sky SC
5%
4.43 Yakuza 0
5%
4.28 Yakuza: Like a Dragon
5%
4.31 1000xResist
0%
4.33 13 Sentinels: Aegis Rim
0%
4.46 Alan Wake 2
0%
4.28 Castlevania : Aria of Sorrow
0%
4.52 Chrono Trigger
0%
4.42 Deus Ex
0%
4.45 Ghost Trick : Phantom Detective
0%
4.54 Half Life : Alyx
0%
4.27 Katamari Damacy
0%
4.32 Killer7
0%
4.54 Kingdome Come Deliverance 2
0%
4.29 Like a Dragon: Infinite Wealth
0%
4.28 Lisa : The Painful
0%
4.34 Lost Judgement
0%
4.24 Metroid Dread
0%
4.27 Ori and the Will of the Wisps
0%
4.29 Pentiment
0%
4.25 RimWorld
0%
4.27 Signalis
0%
4.27 Star Wars: Knights of the Old Republic II - The Sith Lords
0%
4.33 Steins;Gate
0%
4.29 The World Ends with You
0%
4.35 Ultrakill
0%
4.24 Vampire: The Masquerade - Bloodlines
0%
4.37 Xenoblade Chronicle 3
0%
Aucun quiz correspondant
Distribution des résultats
% des personnes avec chaque résultat
Percentile par nombre de réponses
Votre historique - résultats
Vous n’avez pas pris ce quiz